000 00550cab a2200205 4500
001 X1090
008 090401t1993 xxu||||| |||| 00| 0 eng d
035 _a(Sirsi) u14638
041 _aeng
245 _aLack of transport strategy mars road plan says RICS
260 _c1993
350 _a0
490 _aCS Monthly : Planning and Development bulletin
_v3(2) October 1993, 7(1)
650 _aInfrastructure
_96246
650 _aROAD BUILDING
650 _aTRANSPORT
690 _aPLANNING LAW AND PRACTICE
942 _n0
948 _c04/03/1997
999 _c9553
_d9553